Kvalitatívne parametre slovenského podnikateľského prostredia

Saved in:
Bibliographic Details
Main Author: Bruothová, Michaela, 1979-
Format: Book Chapter
Language:Slovak
Subjects:
Tags: Add Tag
No Tags, Be the first to tag this record!

MARC

LEADER 00000naa$a2200000$$$4500
001 0271330
005 20240502074252.2
041 0 |a slo 
044 |a SK 
245 1 0 |a Kvalitatívne parametre slovenského podnikateľského prostredia  |c Michaela Bruothová 
610 2 0 |a prostredie podnikateľské 
610 2 0 |a rating 
610 2 0 |a podnik 
610 2 0 |a Slovensko 
100 1 |a Bruothová, Michaela, 1979-